Lie down in roses. (Record no. 11879)
[ view plain ]
| 000 -LEADER | |
|---|---|
| fixed length control field | 00509nam a22001932 4500 |
| 001 - CONTROL NUMBER | |
| control field | 0000002855 |
| 005 - DATE AND TIME OF LATEST TRANSACTION | |
| control field | 20151217155204.0 |
| 008 - FIXED-LENGTH DATA ELEMENTS--GENERAL INFORMATION | |
| fixed length control field | 070420s xx 000 0 eng d |
| 020 ## - INTERNATIONAL STANDARD BOOK NUMBER | |
| International Standard Book Number | 0821747940 : |
| Terms of availability | KES 110 |
| 040 ## - CATALOGING SOURCE | |
| Original cataloging agency | KABU |
| Transcribing agency | KABU |
| 050 #0 - LIBRARY OF CONGRESS CALL NUMBER | |
| Classification number | PS3557 |
| Item number | .R198L5 |
| 100 1# - MAIN ENTRY--PERSONAL NAME | |
| Personal name | Drake, Shannon. |
| -- | 0000152358 |
| 245 10 - TITLE STATEMENT | |
| Title | Lie down in roses. |
| 260 ## - PUBLICATION, DISTRIBUTION, ETC. (IMPRINT) | |
| Place of publication, distribution, etc. | New York : |
| Name of publisher, distributor, etc. | Keusungton, |
| Date of publication, distribution, etc. | 1988. |
| 300 ## - PHYSICAL DESCRIPTION | |
| Extent | 507 p. |
| 908 ## - PUT COMMAND PARAMETER (RLIN) | |
| Put command parameter | 070420 |
| 950 ## - LOCAL HOLDINGS (RLIN) | |
| -- | 1 |
| Withdrawn status | Lost status | Source of classification or shelving scheme | Not for loan | Home library | Current library | Date acquired | Total Checkouts | Total Renewals | Full call number | Barcode | Date last seen | Date last checked out | Price effective from | Koha item type |
|---|---|---|---|---|---|---|---|---|---|---|---|---|---|---|
| Library of Congress Classification | Kabarak, Main Campus | Kabarak, Main Campus | 17/12/2015 | 9 | 1 | PS3557 .R198L5 | 010971 | 10/11/2022 | 26/10/2022 | 17/12/2015 | General Collection |